Los inmigrantes.

Guardado en:
Formato: Deslizar
Series:Educable
Materias:
Etiquetas: Agregar Etiqueta
Sin Etiquetas, Sea el primero en etiquetar este registro!
LEADER 00896ngm a22002535g 4500
001 CEM.cems022260
008 130507b1996##################0###0#####d
005 20241015144246.0
245 0 0 |a Los inmigrantes. 
300 |a 22'. 
490 0 |a Educable 
500 |a En soporte VHS, consultar en ventanilla. 
505 0 |a Tipos de inmigración y sus causas. Regiones pobladas. Fronteras: su extensión a lo largo de la historia. Política de inmigración. Beneficios de la inmigración. 
538 |a Soporte: VHS - Norma: Pal N - Color: Si - Grabación DRD 1996 - Hitachi=3400 
082 9 8 |/ CON 
653 |a HISTORIA 
653 |a HISTORIA ARGENTINA 
653 |a INMIGRANTES 
653 |a POLITICA INMIGRATORIA 
653 |a REGIONES 
653 |a FRONTERAS 
653 |a NIVEL PRIMARIO 
653 |a NIVEL SECUNDARIO 
859 |a CEMS  |b BIB. CEMS - Depto. Recursos Didacticos  |h 982  |i CON  |k DRD  |p 903.12  |t Ej.1